Effect of different fertilizer rates on growth and yield of chulsa and senpidor rice variety, ឥទ្ធិពលនៃកម្រិតជីគីមីខុសគ្នាទៅលើការលូតលាស់និងទិន្នផលពូជស្រូវជលសារ និងសែនពិដោរ (Record no. 7094)

000 -LEADER
fixed length control field 00704nam a22001337a 4500
040 ## - CATALOGING SOURCE
Transcribing agency RUA
082 ## - DEWEY DECIMAL CLASSIFICATION NUMBER
Classification number AGR IEN 2014 B431 Or.1
100 ## - MAIN ENTRY--AUTHOR NAME
Personal name IENG, RATHANA, អៀង​ រតនា
245 ## - TITLE STATEMENT
Title Effect of different fertilizer rates on growth and yield of chulsa and senpidor rice variety, ឥទ្ធិពលនៃកម្រិតជីគីមីខុសគ្នាទៅលើការលូតលាស់និងទិន្នផលពូជស្រូវជលសារ និងសែនពិដោរ
260 ## - PUBLICATION, DISTRIBUTION, ETC. (IMPRINT)
Place of publication Phnom Penh
Name of publisher RUA
Year of publication 2014
300 ## - PHYSICAL DESCRIPTION
Number of Pages ix; 39p.
Other physical details ill.
Dimensions 29cm.
856 ## - ELECTRONIC LOCATION AND ACCESS
Uniform Resource Identifier https://drive.google.com/file/d/1PhoYKGEfXJ4QuZNIkfvCQxfxbbD4S8YB/view?usp=sharing
942 ## - ADDED ENTRY ELEMENTS (KOHA)
Koha item type AGR
952 ## - LOCATION AND ITEM INFORMATION (KOHA)
Withdrawn status [LOCAL, KOHA] 0
952 ## - LOCATION AND ITEM INFORMATION (KOHA)
Withdrawn status [LOCAL, KOHA] 0
952 ## - LOCATION AND ITEM INFORMATION (KOHA)
Withdrawn status [LOCAL, KOHA] 0
952 ## - LOCATION AND ITEM INFORMATION (KOHA)
Withdrawn status [LOCAL, KOHA] 0
952 ## - LOCATION AND ITEM INFORMATION (KOHA)
Withdrawn status [LOCAL, KOHA] 0
952 ## - LOCATION AND ITEM INFORMATION (KOHA)
Withdrawn status [LOCAL, KOHA] 0
952 ## - LOCATION AND ITEM INFORMATION (KOHA)
Withdrawn status [LOCAL, KOHA] 0
952 ## - LOCATION AND ITEM INFORMATION (KOHA)
Withdrawn status [LOCAL, KOHA] 0
952 ## - LOCATION AND ITEM INFORMATION (KOHA)
Withdrawn status [LOCAL, KOHA] 0
952 ## - LOCATION AND ITEM INFORMATION (KOHA)
Withdrawn status [LOCAL, KOHA] 0
952 ## - LOCATION AND ITEM INFORMATION (KOHA)
Withdrawn status [LOCAL, KOHA] 0
Holdings
Permanent Location Date acquired Koha item type Lost status Shelving location Barcode Current Location Full call number
Library Block B2016-02-25AGR B431RUA050768Library Block BAGR IEN 2014 B431 Or.1
Library Block B2016-02-25AGR B431RUA050876Library Block BAGR IEN 2014 B431 Or.2
Library Block B2016-02-25AGR B431RUA051749Library Block BAGR IEN 2014 B431 Or.3
Library Block B2016-02-25AGR B431RUA051067Library Block BAGR IEN 2014 B431 Or.4
Library Block B2016-02-25AGR B431RUA052187Library Block BAGR IEN 2014 B431 Or.5
Library Block B2016-02-25AGR B431RUA051534Library Block BAGR IEN 2014 B431 Or.6
Library Block B2016-02-25AGR B431RUA051009Library Block BAGR IEN 2014 B431 Or.7
Library Block B2016-02-25AGR B431RUA051686Library Block BAGR IEN 2014 B431 Or.8
Library Block B2016-11-17AGR B431a04157Library Block BAGR IEN 2014 B431 Or.9
Library Block B2021-10-11AGR B691A066591Library Block BAGR IEN 2014 B691 Or.1
Library Block B2021-10-11AGR B691A066309Library Block BAGR IEN 2014 B691 Or.1
មជ្ឈមណ្ឌលឯការនៃសាកលវិទ្យាល័យភូមិន្ទកសិកម្មចំការដូង

Powered by Koha